Memoires pour servir a l'histoire des insectes / (Record no. 163084)
[ view plain ]
| 000 -LEADER | |
|---|---|
| campo de control de longitud fija | 01192nam a2200253 i 4500 |
| 001 - NÚMERO DE CONTROL | |
| campo de control | 163084 |
| 003 - IDENTIFICADOR DE NÚMERO DE CONTROL | |
| campo de control | ES-MaACL |
| 005 - FECHA Y HORA DE LA ÚLTIMA TRANSACCIÓN | |
| campo de control | 20250809063530.0 |
| 008 - DATOS DE LONGITUD FIJA--INFORMACIÓN GENERAL | |
| campo de control de longitud fija | 931025s1734 fr f |||| | fre d |
| 100 1# - ENTRADA PRINCIPAL--NOMBRE DE PERSONA | |
| Nombre de persona | Réaumur, René Antoine Ferchault de, |
| Fechas asociadas al nombre | 1683-1757 |
| 9 (RLIN) | 153964 |
| 245 10 - MENCIÓN DEL TÍTULO | |
| Título | Memoires pour servir a l'histoire des insectes / |
| Mención de responsabilidad, etc. | par M. de Reaumur... ; Tome premier, Sur les chenilles & sur les papillons. |
| 246 3# - FORMA VARIANTE DEL TITULO | |
| Título propio/Titulo breve | Sur les chenilles & sur les papillons |
| 260 ## - PUBLICACIÓN, DISTRIBUCIÓN, ETC. | |
| Lugar de publicación, distribución, etc. | a Paris : |
| Nombre del editor, distribuidor, etc. | de l'imprimerie royale, |
| Fecha de publicación, distribución, etc. | 1734. |
| 300 ## - DESCRIPCIÓN FÍSICA | |
| Extensión | 4], 654, 2] p., 50] h. de grab. pleg. ; |
| Dimensiones | 4º. |
| 530 ## - NOTA DISPONIBLE DE FORMULARIO FÍSICO ADICIONAL | |
| Nota de formato físico adicional disponible | Disponible en formato digital. |
| 597 ## - NOTA DE DESCRIPCIÓN FÍSICA | |
| NOTA DE DESCRIPCIÓN FÍSICA | Sign. : *2, A-Z4, 2A-2Z4, 3A-3Z4, 4A-4N4. |
| 597 ## - NOTA DE DESCRIPCIÓN FÍSICA | |
| NOTA DE DESCRIPCIÓN FÍSICA | Port. con esc. xil. |
| 599 ## - NOTA A LAS ILUSTRACIONES | |
| NOTA A LAS ILUSTRACIONES | Grab. calc. "Simonneau del. et sculp." en cabecera de texto. |
| 599 ## - NOTA A LAS ILUSTRACIONES | |
| NOTA A LAS ILUSTRACIONES | Las h. de grab. pleg. calc. "Simonneau del et sculp." dibujos de insectos. |
| 650 #7 - PUNTO DE ACCESO ADICIONAL DE MATERIA--TÉRMINO DE MATERIA | |
| Término de materia o nombre geográfico como elemento de entrada | Insectos |
| Fuente del encabezamiento o término | embne |
| 9 (RLIN) | 13823 |
| 852 4# - LOCALIZACIÓN | |
| Ubicación | ES-MaACL |
| Número de control de estantería | R-1123-28 |
| Nota libre | - Enc. pasta española |
| -- | - Ex-libris de la Biblioteca Real |
| Encuadernación | Olim: G-12039-44 |
| 856 4# - LOCALIZACIÓN Y ACCESO ELECTRÓNICOS | |
| Identificador Uniforme de Recursos | <a href="https://hdl.handle.net/11441/120521 ">https://hdl.handle.net/11441/120521 </a> |
| Nota pública | Depósito de Investigación Universidad de Sevilla |
| Estatus retirado | Estado de pérdida | Estado de daño | No para préstamo | Colección | Biblioteca de origen | Biblioteca actual | Ubicación en estantería | Fecha de adquisición | Total de préstamos | Signatura topográfica completa | Código de barras | Visto por última vez | Precio de reemplazo | Tipo de ítem Koha |
|---|---|---|---|---|---|---|---|---|---|---|---|---|---|---|
| Colección digital | Biblioteca del Ateneo de Madrid | Biblioteca del Ateneo de Madrid | Depósito | 17/01/2008 | R-1123-28 | 1170890 | 23/02/2023 | 23/02/2023 | Libro impreso antiguo |
